[Event "Reykjavik Open 2026"]
[Site "Reykjavik ISL"]
[Date "2026.03.29"]
[Round "7.47"]
[White "Lu, Karson"]
[Black "Sterck, Arno"]
[Result "0-1"]
[BlackTitle "FM"]
[WhiteElo "1827"]
[BlackElo "2252"]
[WhiteFideId "2661756"]
[BlackFideId "228249"]
[EventDate "2026.03.25"]

1. e4 e5 2. Nf3 Nc6 3. Bc4 Nf6 4. d3 Bc5 5. c3 O-O 6. O-O d5 7. exd5 Nxd5 8.
Nbd2 Nb6 9. Bb5 Bd6 10. Ne4 Bg4 11. h3 Bxf3 12. Qxf3 f5 13. Ng3 Qd7 14. Bxc6
bxc6 15. Re1 Rae8 16. Qd1 Kh8 17. Rf1 Nd5 18. c4 Nf4 19. d4 exd4 20. Qxd4 c5 21.
Qd1 Ne6 22. f4 Nd4 23. b4 Qe7 24. Kh2 Qf7 25. Qd3 Rd8 26. bxc5 Bxc5 27. Bb2 Ne6
28. Qf3 Bd4 29. Bxd4 Nxd4 30. Qc3 c5 31. Rae1 Rfe8 32. a3 h6 33. a4 Rb8 34. Rb1
Rxb1 35. Rxb1 Qc7 36. Qd2 Re6 37. Rb2 Qc6 38. Qd3 Qc7 39. Qd2 Kh7 40. a5 Qd6 41.
Qc1 Qc7 42. Qd2 Ra6 43. Ra2 Rg6 44. Ra3 Qd6 45. Rd3 Qe6 46. Qc3 Qf6 47. Rd2 Qh4
48. Rf2 Qe7 49. Qd3 Qh4 50. Qc3 Ra6 51. Qa3 Qe7 52. Qd3 Qd7 53. Ra2 Rd6 54. Rb2
g6 55. Qa3 Qc7 56. a6 Rb6 57. Rxb6 Qxb6 58. Qa4 Qc6 59. Qa5 Qd6 60. Qe1 Ne6 61.
Qe3 Nxf4 62. Qe8 Nh5 63. Qe1 Nxg3 64. Qxg3 Qxg3+ 65. Kxg3 Kg7 66. Kf3 Kf6 67. g3
Ke5 68. Ke3 g5 69. h4 gxh4 70. gxh4 f4+ 71. Kf3 h5 72. Kf2 Ke4 73. Ke2 f3+ 74.
Kf2 Kf4 75. Kf1 Kg3 76. Kg1 Kxh4 77. Kf2 Kg4 78. Kg1 Kg3 79. Kh1 Kf2 0-1

[Event "Reykjavik Open 2026"]
[Site "Reykjavik ISL"]
[Date "2026.03.29"]
[Round "7.48"]
[White "Brzezina, Pawel"]
[Black "Parsheh, Arshia"]
[Result "1/2-1/2"]
[WhiteTitle "CM"]
[WhiteElo "2248"]
[BlackElo "1712"]
[WhiteFideId "21078866"]
[BlackFideId "30967473"]
[EventDate "2026.03.25"]

1. e4 e6 2. d4 d5 3. Nd2 Nf6 4. e5 Nfd7 5. Bd3 c5 6. c3 Nc6 7. Ngf3 Qb6 8. O-O
cxd4 9. cxd4 Nxd4 10. Nxd4 Qxd4 11. Nf3 Qb6 12. a3 Nc5 13. Bc2 a5 14. Rb1 a4 15.
Be3 Qa6 16. Qd4 Qc4 17. Qd1 Bd7 18. Nd2 Qh4 19. f4 Bc6 20. Rc1 Rd8 21. Nf3 Qg4
22. Qd4 Be7 23. h3 Qh5 24. Kh2 f5 25. exf6 gxf6 26. g4 Qf7 27. g5 Nb3 28. Bxb3
axb3 29. Rf2 Rg8 30. Rg1 Kd7 31. Rfg2 Rg6 32. Kh1 Rdg8 33. f5 exf5 34. Bf4 Qf8
35. Re1 Bc5 36. Qd3 fxg5 37. Bxg5 d4 38. Ne5+ Kc7 39. Nxc6 bxc6 40. Bf4+ Bd6 41.
Qxd4 Bxf4 42. Qxf4+ Kb7 43. Rge2 Qd6 44. Re7+ Kb8 45. Qxd6+ Rxd6 46. R7e3 Rd2
47. Rxb3+ Kc7 48. Re7+ Kd6 49. Rbb7 Kc5 50. Re5+ Rd5 51. Re2 h5 52. Rb3 f4 53.
Rf3 Rd4 54. Ref2 Rg3 55. Rxf4 Rxf4 56. Rxf4 Rxh3+ 57. Kg2 Rb3 1/2-1/2

[Event "Reykjavik Open 2026"]
[Site "Reykjavik ISL"]
[Date "2026.03.29"]
[Round "7.49"]
[White "Rutkowski, Feliks"]
[Black "Stefansson, Hannes"]
[Result "0-1"]
[BlackTitle "GM"]
[WhiteElo "2103"]
[BlackElo "2417"]
[WhiteFideId "21064920"]
[BlackFideId "2300087"]
[EventDate "2026.03.25"]

1. e4 e5 2. Nf3 Nc6 3. Bc4 Nf6 4. d3 h6 5. c3 d6 6. O-O g5 7. Bb3 Bg7 8. Na3 a6
9. Nc4 Be6 10. Re1 g4 11. Nfd2 h5 12. Ne3 Qd7 13. Ndf1 d5 14. Ng3 Ne7 15. Qe2
O-O-O 16. c4 dxe4 17. dxe4 h4 18. Ngf5 Bxf5 19. exf5 Nc6 20. Ba4 Qd6 21. Bxc6
Qxc6 22. Nxg4 h3 23. f3 Nxg4 24. fxg4 hxg2 25. Be3 e4 26. Bf4 Be5 27. Qxe4 Qb6+
28. Kxg2 Bxf4 29. Qxf4 Qxb2+ 30. Kg1 Rd2 31. Rab1 Qc2 32. Qf3 Rhxh2 33. Qxb7+
Kd7 34. Re7+ Kxe7 35. Qxc7+ Kf6 36. Rb6+ Kg5 37. Qe7+ Kxg4 0-1

[Event "Reykjavik Open 2026"]
[Site "Reykjavik ISL"]
[Date "2026.03.29"]
[Round "7.50"]
[White "Griffith, Kyron"]
[Black "Bombek, Peter"]
[Result "1-0"]
[WhiteTitle "IM"]
[BlackTitle "FM"]
[WhiteElo "2415"]
[BlackElo "2112"]
[WhiteFideId "2046318"]
[BlackFideId "14902230"]
[EventDate "2026.03.25"]

1. e4 d5 2. exd5 Qxd5 3. Nc3 Qa5 4. d4 Nf6 5. Nf3 Bf5 6. Bc4 e6 7. Bd2 Bb4 8. a3
Bxc3 9. Bxc3 Qb6 10. d5 Nbd7 11. O-O O-O 12. dxe6 Bxe6 13. Bxe6 Qxe6 14. Re1 Qb6
15. Qd3 Rfe8 16. Qc4 h6 17. h3 c5 18. Nh4 Re6 19. Rxe6 Qxe6 20. Qxe6 fxe6 21.
Re1 Kf7 22. Nf3 Nd5 23. Bd2 b5 24. b3 Rc8 25. Kf1 Rc6 26. g3 Ra6 27. Bc1 Rd6 28.
Bb2 N5b6 29. Ke2 a6 30. h4 Rd5 31. Rc1 Rd6 32. Bc3 Nd5 33. Bd2 e5 34. c4 Nc7 35.
Bc3 bxc4 36. bxc4 Ke6 37. Rb1 Na8 38. Rb7 Nab6 39. Nd2 Na4 40. Ba5 g6 41. Ra7
Nb2 42. f3 Nb6 43. Ne4 Rc6 44. Bxb6 Rxb6 45. Nxc5+ Kd6 46. Ne4+ Kc6 47. c5 Kd5 1-0

[Event "Reykjavik Open 2026"]
[Site "Reykjavik ISL"]
[Date "2026.03.25"]
[Round "1.51"]
[White "Griffith, Kyron"]
[Black "Hill, Andy"]
[Result "1-0"]
[WhiteTitle "IM"]
[WhiteElo "2415"]
[BlackElo "2030"]
[WhiteFideId "2046318"]
[BlackFideId "499927"]
[EventDate "2026.03.25"]

1. e4 e6 2. d4 d5 3. Nc3 Bb4 4. e5 c5 5. a3 Bxc3+ 6. bxc3 Qc7 7. Qg4 f6 8. Nf3
c4 9. Qh5+ Qf7 10. g4 Nc6 11. Rg1 g6 12. Qh3 fxe5 13. dxe5 Qg7 14. Qg3 Bd7 15.
Be2 h6 16. h4 O-O-O 17. Be3 b6 18. Nh2 Nge7 19. f4 Rdg8 20. Kd2 Nd8 21. Nf3 Nec6
22. a4 Nb7 23. Nd4 Nc5 24. Bf3 Nxd4 25. Bxd4 Qf8 26. a5 b5 27. Qf2 Qxf4+ 28. Be3
Ne4+ 29. Bxe4 Qxf2+ 30. Bxf2 dxe4 31. Bxa7 Kb7 32. Bc5 Kc6 33. Bd6 Ra8 34. Ke3
Rh7 35. Rgf1 Kb7 36. Rf6 Rg7 37. Bf8 Rh7 38. Bb4 Ka6 39. Rd1 1-0

[Event "Reykjavik Open 2026"]
[Site "Reykjavik ISL"]
[Date "2026.03.25"]
[Round "1.52"]
[White "Akhmetov, Kirill"]
[Black "Sklokin, Sergey"]
[Result "0-1"]
[BlackTitle "FM"]
[WhiteElo "2028"]
[BlackElo "2414"]
[WhiteFideId "40103412"]
[BlackFideId "55730230"]
[EventDate "2026.03.25"]

1. d4 d5 2. c4 e6 3. cxd5 exd5 4. Nc3 Nf6 5. Bf4 Bb4 6. Qa4+ Nc6 7. e3 Ne4 8.
Bb5 Bd7 9. Ne2 g5 10. Bg3 h5 11. f3 Nxg3 12. hxg3 a6 13. Bxc6 Bxc3+ 14. Nxc3
Bxc6 15. Qb4 f5 16. O-O-O Qd7 17. f4 O-O-O 18. Nb1 Rde8 19. Rd3 gxf4 20. gxf4
Qg7 21. Qd2 Reg8 22. Rg1 h4 23. Qf2 h3 24. Nd2 Bb5 25. Rc3 h2 26. Rh1 Qxg2 27.
Qxg2 Rxg2 28. Nf3 Be2 0-1

[Event "Reykjavik Open 2026"]
[Site "Reykjavik ISL"]
[Date "2026.03.25"]
[Round "1.53"]
[White "Narva, Mai"]
[Black "Janssens, Carlo"]
[Result "1-0"]
[WhiteTitle "IM"]
[WhiteElo "2413"]
[BlackElo "2028"]
[WhiteFideId "4500512"]
[BlackFideId "217492"]
[EventDate "2026.03.25"]

1. e4 c5 2. Nf3 e6 3. c3 Nf6 4. e5 Nd5 5. a3 d6 6. d4 cxd4 7. c4 Nb6 8. Bg5 Qc7
9. exd6 Bxd6 10. Qxd4 e5 11. Qh4 Be6 12. Nc3 a6 13. Rc1 Nc6 14. Be3 Be7 15. Ng5
O-O-O 16. Nxe6 Bxh4 17. Nxc7 Kxc7 18. g3 Be7 19. Bg2 Nd4 20. c5 Nc8 21. Nd5+ Kb8
22. Bxd4 exd4 23. c6 bxc6 24. Rxc6 Rhe8 25. Kd2 Rd6 26. Rhc1 Red8 27. Nb4 a5 28.
Rxd6 Rxd6 29. Nc6+ Rxc6 30. Rxc6 1-0

[Event "Reykjavik Open 2026"]
[Site "Reykjavik ISL"]
[Date "2026.03.25"]
[Round "1.55"]
[White "Kurmann, Oliver"]
[Black "Teeuwen, Jos"]
[Result "1-0"]
[WhiteTitle "IM"]
[WhiteElo "2382"]
[BlackElo "2024"]
[WhiteFideId "1308173"]
[BlackFideId "1008897"]
[EventDate "2026.03.25"]

1. e4 c5 2. Nf3 e6 3. d4 cxd4 4. Nxd4 Nf6 5. Nc3 Nc6 6. Qd3 Qc7 7. Ndb5 Qb8 8.
Qg3 d6 9. Be3 a6 10. Nd4 Bd7 11. O-O-O b5 12. Nxc6 Bxc6 13. f3 Qc7 14. Kb1 O-O-O
15. a4 Qb7 16. axb5 axb5 17. Bd3 Be7 18. Qxg7 Rdf8 19. Qg3 Rhg8 20. Qf2 d5 21.
exd5 Nxd5 22. Nxd5 Bxd5 23. Bd4 Rd8 24. Rhf1 Qa6 25. b3 Kb7 26. Bxh7 Ra8 27.
Bxg8 Qa2+ 28. Kc1 Bxb3 29. Bb2 Rc8 30. Rd7+ Ka8 31. Rxe7 Rxc2+ 32. Qxc2 Bxc2 33.
Kxc2 Qc4+ 34. Bc3 Qxf1 35. Bxf7 Qxg2+ 36. Kb3 Qxf3 37. Bxe6 Qc6 38. Bf7 Qd6 39.
Re5 Qd1+ 40. Kb2 Qf1 41. Bb3 Kb7 42. Bc2 Kc7 43. h4 Kd6 44. Re4 Qh3 45. Kb3 Kc6
46. Kb4 Qf3 47. Re6+ Kd7 48. Re5 Qf4+ 49. Re4 Qf3 50. Rd4+ Kc7 51. Bd3 Kb6 52.
Rd6+ Kc7 53. Be5 Qf8 54. h5 Kb7 55. Be4+ Ka7 56. Ka5 Qc8 57. Bd4+ Kb8 58. Rb6+
Kc7 59. Rc6+ 1-0

[Event "Reykjavik Open 2026"]
[Site "Reykjavik ISL"]
[Date "2026.03.25"]
[Round "1.56"]
[White "Bathula, Abhinav Reddy"]
[Black "Belkaid, Sohan"]
[Result "0-1"]
[BlackTitle "FM"]
[WhiteElo "2020"]
[BlackElo "2379"]
[WhiteFideId "35005693"]
[BlackFideId "45180350"]
[EventDate "2026.03.25"]

1. e4 c5 2. Nf3 d6 3. d4 cxd4 4. Nxd4 Nf6 5. Nc3 a6 6. Be3 e5 7. Nb3 Be6 8. Nd5
Nbd7 9. f3 Nxd5 10. exd5 Bf5 11. c4 Be7 12. Qd2 b6 13. Rc1 O-O 14. Be2 Bh4+ 15.
g3 Be7 16. O-O Bh3 17. Rfe1 a5 18. Kh1 f5 19. Na1 Bf6 20. Nc2 Nc5 21. b3 Qd7 22.
Bf1 Bxf1 23. Rxf1 e4 24. f4 Nd3 25. Bxb6 Nxc1 26. Rxc1 Rfc8 27. Ne3 g6 28. Rc2
a4 29. b4 Rab8 30. Ba5 Qa7 31. Kg2 Bd4 32. Kf2 a3 33. Ke2 Kf7 34. h3 Ra8 35. g4
fxg4 36. Nxg4 e3 37. Qd3 h5 38. Nh2 Bf6 39. f5 Qd7 40. Qe4 gxf5 41. Qf3 Rxc4 42.
Rxc4 Qb5 43. Qf4 Rc8 44. Kd3 Qxd5+ 45. Rd4 Qxa2 46. Nf3 Qc2+ 47. Kxe3 Rc3+ 48.
Rd3 Rxd3# 0-1

[Event "Reykjavik Open 2026"]
[Site "Reykjavik ISL"]
[Date "2026.03.25"]
[Round "1.57"]
[White "Thorfinnsson, Bragi"]
[Black "Maton, Emily"]
[Result "1-0"]
[WhiteTitle "GM"]
[WhiteElo "2377"]
[BlackElo "2016"]
[WhiteFideId "2300958"]
[BlackFideId "343120293"]
[EventDate "2026.03.25"]

1. e4 c5 2. Nf3 e6 3. d4 cxd4 4. Qxd4 Nc6 5. Qe3 Nf6 6. Nc3 Bb4 7. Bd2 d5 8.
exd5 Nxd5 9. Nxd5 Bxd2+ 10. Qxd2 Qxd5 11. Qxd5 exd5 12. O-O-O Be6 13. Nd4 O-O-O
14. Bb5 Kc7 15. Rhe1 Nxd4 16. Rxd4 a6 17. Bd3 g6 18. f4 Rd6 19. Kd2 Rhd8 20. f5
gxf5 21. Rh4 Rg8 22. g3 Rg7 23. Rf1 Bd7 24. Bxf5 Rf6 25. Bh3 Rxf1 26. Bxf1 Bf5
27. Bg2 Be6 28. Ke3 b6 29. Kd4 Kd6 30. Bf1 Bf5 31. c3 a5 32. Bg2 Be6 33. Bf3 f6
34. Rh5 a4 35. a3 b5 36. Be2 Kc6 37. Rh6 Rf7 38. Bh5 Rc7 39. Rxf6 Kd6 40. Be2
Rb7 41. Bg4 1-0

[Event "Reykjavik Open 2026"]
[Site "Reykjavik ISL"]
[Date "2026.03.25"]
[Round "1.58"]
[White "Schmid, Bernhard"]
[Black "Ragnarsson, Dagur"]
[Result "0-1"]
[BlackTitle "IM"]
[WhiteElo "2015"]
[BlackElo "2376"]
[WhiteFideId "12915467"]
[BlackFideId "2304058"]
[EventDate "2026.03.25"]

1. d4 d5 2. c4 dxc4 3. Nf3 c5 4. d5 e6 5. e4 exd5 6. exd5 Bd6 7. Bxc4 Nf6 8. O-O
O-O 9. Bg5 h6 10. Bh4 Bf5 11. Nc3 a6 12. Bd3 Bg4 13. h3 Bh5 14. Bf5 Bg6 15. Bxg6
fxg6 16. Bxf6 Rxf6 17. Ne4 Rf7 18. Nxd6 Qxd6 19. Re1 Nd7 20. Re6 Qf4 21. Rxg6
Nf6 22. Qc2 b6 23. Rd1 Rd8 24. Qe2 Qf5 25. Qd3 Rxd5 26. Qxf5 Rxf5 27. Rd6 Kh7
28. Rg3 Ne4 29. Rxb6 Nxg3 30. fxg3 R7f6 31. Rb7 c4 32. Rc7 Rb5 33. Rxc4 Rxb2 34.
a4 Rfb6 35. g4 R2b4 36. Rc8 Rxa4 37. g5 hxg5 38. Nxg5+ Kg6 39. Nf3 Ra2 40. Nh4+
Kh7 41. Rc7 Rbb2 42. Kh2 Rf2 43. Kg3 Rf6 44. Kg4 Ra4+ 45. Kg5 Ra5+ 46. Kg4 Rb5
47. Ra7 a5 48. Ra8 Re6 49. Ra7 Re4+ 50. Kg3 Rg5+ 0-1

[Event "Reykjavik Open 2026"]
[Site "Reykjavik ISL"]
[Date "2026.03.25"]
[Round "1.59"]
[White "Soderstrom, Adrian"]
[Black "Wang, Shanshan"]
[Result "1/2-1/2"]
[WhiteTitle "FM"]
[BlackTitle "WFM"]
[WhiteElo "2374"]
[BlackElo "2011"]
[WhiteFideId "1745786"]
[BlackFideId "8605262"]
[EventDate "2026.03.25"]

1. e4 c5 2. Nf3 d6 3. d4 cxd4 4. Nxd4 Nf6 5. Nc3 g6 6. Be3 Nc6 7. f3 h5 8. Bc4
Bd7 9. O-O Bg7 10. Qd2 Nxd4 11. Bxd4 O-O 12. Rad1 Qc8 13. Bb3 Be6 14. Nd5 Nxd5
15. exd5 Bf5 16. Rfe1 Qc7 17. Bxg7 Kxg7 18. Qd4+ f6 19. Re3 g5 20. Rde1 Rf7 21.
h4 gxh4 22. Qxh4 Rh8 23. c3 Rh7 24. Kh2 Kg8 25. R1e2 Qc5 26. Qf4 Bg6 27. Qa4 Kf8
28. Qh4 Kg8 29. f4 Qc8 30. Rg3 Qg4 31. Rxg4 hxg4 32. Kg3 Rxh4 33. Kxh4 Rh7+ 34.
Kg3 Kf7 35. Re1 Bf5 36. c4 b6 37. Bd1 Bd7 38. Be2 Rh8 39. Bd3 f5 40. Rc1 a5 41.
b3 Kf6 42. Rb1 Ra8 43. a3 e6 44. dxe6 Bxe6 45. Rh1 Kg6 46. a4 Re8 47. Kf2 Bf7
48. Rd1 Rd8 49. Bf1 Kf6 50. g3 Ke7 51. Bg2 Rc8 52. Ke3 Rh8 53. Kd4 Rh2 54. Rd2
Be6 55. Kc3 Bd7 56. Bd5 Rh3 57. Rg2 Kf6 58. Rg1 Ke7 59. Kd4 Kd8 60. Ke3 Kc7 61.
Kf2 Rh2+ 62. Rg2 Rh1 63. Rg1 Rh2+ 64. Rg2 Rh1 65. Rg1 Rh2+ 66. Rg2 Rh1 67. Rg1 1/2-1/2

[Event "Reykjavik Open 2026"]
[Site "Reykjavik ISL"]
[Date "2026.03.25"]
[Round "1.61"]
[White "Tang, Zoey"]
[Black "Thorisson, Benedikt"]
[Result "1-0"]
[WhiteTitle "FM"]
[WhiteElo "2366"]
[BlackElo "2003"]
[WhiteFideId "30952530"]
[BlackFideId "2314576"]
[EventDate "2026.03.25"]

1. d4 Nf6 2. c4 g6 3. Nc3 d5 4. cxd5 Nxd5 5. e4 Nxc3 6. bxc3 Bg7 7. Nf3 O-O 8.
Be2 c5 9. O-O Nc6 10. Be3 cxd4 11. cxd4 Bg4 12. d5 Ne5 13. Nxe5 Bxe2 14. Qxe2
Bxe5 15. Rab1 Qd7 16. f4 Bg7 17. Rfd1 e6 18. d6 e5 19. Qb5 Qe6 20. Qxb7 Bh6 21.
d7 Bxf4 22. Bc5 Bg5 23. Bxf8 Rxf8 24. Qxa7 Qg4 25. Qc7 Qxe4 26. Rb8 Rxb8 27.
Qxb8+ Kg7 28. d8=Q Bxd8 29. Qxd8 1-0

[Event "Reykjavik Open 2026"]
[Site "Reykjavik ISL"]
[Date "2026.03.25"]
[Round "1.62"]
[White "Van de Steeg, Tim"]
[Black "Balabayeva, Xeniya"]
[Result "1/2-1/2"]
[BlackTitle "WGM"]
[WhiteElo "2002"]
[BlackElo "2365"]
[WhiteFideId "40108112"]
[BlackFideId "13719688"]
[EventDate "2026.03.25"]

1. d4 d5 2. c4 e6 3. Nc3 Nf6 4. cxd5 exd5 5. Bg5 c6 6. e3 h6 7. Bh4 Be7 8. Bd3
O-O 9. Nge2 Ne8 10. Bxe7 Qxe7 11. O-O Nd7 12. Qc2 Ndf6 13. Rae1 Nd6 14. Ng3 h5
15. f3 h4 16. Nh1 Nh5 17. e4 Nf4 18. exd5 Qf6 19. Re5 c5 20. Ne4 Qg6 21. Re1 c4
22. Bxc4 Nxc4 23. Rg5 Qh6 24. Qxc4 f5 25. d6+ Be6 26. d5 Bxd5 27. Nf6+ Qxf6 28.
Qxf4 Rad8 29. Re7 Rf7 30. Rxf7 Bxf7 31. Rxf5 Qxd6 32. Qxd6 Rxd6 33. Nf2 Rc6 34.
Ne4 Rc1+ 35. Kf2 Rc2+ 36. Ke3 Rxb2 37. Ng5 Be8 38. Rd5 Kf8 39. Rd2 Rb6 40. Kf4
Ra6 41. Kg4 Bb5 42. Rc2 Ra4+ 43. Ne4 Bc6 44. Kxh4 Bxe4 45. fxe4 Rxe4+ 46. Kg5
Re5+ 47. Kg6 Re6+ 48. Kf5 Rf6+ 49. Ke5 Rb6 50. Kf5 Kg8 51. g4 Kh7 52. h4 Rb5+
53. Kf4 Kg6 54. Rd2 Rb4+ 55. Kf3 Ra4 56. Rd6+ Kh7 57. Rd2 b6 58. h5 Kh6 59. Rd6+
Kh7 60. Rd2 Kh6 61. Rd6+ Kh7 62. Rd2 1/2-1/2

[Event "Reykjavik Open 2026"]
[Site "Reykjavik ISL"]
[Date "2026.03.25"]
[Round "1.63"]
[White "Guo, Ethan"]
[Black "Estevez Sacristan, Deva"]
[Result "1-0"]
[WhiteTitle "FM"]
[BlackTitle "CM"]
[WhiteElo "2364"]
[BlackElo "2001"]
[WhiteFideId "30976359"]
[BlackFideId "32041101"]
[EventDate "2026.03.25"]

1. e4 c5 2. Nf3 Nc6 3. Bb5 g6 4. O-O Bg7 5. Bxc6 dxc6 6. h3 e5 7. d3 Ne7 8. Be3
b6 9. a3 h6 10. b4 cxb4 11. axb4 O-O 12. Nbd2 Be6 13. Nc4 Qc7 14. Nfd2 g5 15.
Ra3 f5 16. Qa1 Nc8 17. exf5 Rxf5 18. Ne4 Rb8 19. Re1 Rb7 20. Bd2 Bxc4 21. dxc4
Nd6 22. Nxd6 Qxd6 23. Rd3 Qf8 24. Qd1 Re7 25. f3 Qf7 26. Qe2 Rd7 27. Qe4 Rxd3
28. Qxd3 Qe6 29. Re4 Rf7 30. Qe2 Qd6 31. Kh2 Kh7 32. Qe1 Re7 33. Be3 Qc7 34. h4
gxh4 35. Qxh4 Rf7 36. Qh5 Qd7 37. b5 Re7 38. Rg4 Qe6 39. Qh4 cxb5 40. cxb5 Rc7
41. Qd8 Rd7 42. Qa8 Qf7 43. Qe4+ Kh8 44. Rg6 Qd5 45. Qg4 Kh7 46. Qf5 e4 47.
Rxh6+ Kg8 48. Qh7+ Kf8 49. Bf4 exf3 50. Rh5 Qe6 51. Rf5+ Rf7 52. Rxf7+ Kxf7 53.
Qh5+ Kf8 54. Qxf3 Qd7 55. Be5+ Kg8 56. Qg3 Kf8 57. Qxg7+ Qxg7 58. Bxg7+ Kxg7 59.
Kg3 1-0

[Event "Reykjavik Open 2026"]
[Site "Reykjavik ISL"]
[Date "2026.03.25"]
[Round "1.64"]
[White "Akeborg, Jonatan"]
[Black "Domalchuk-Jonasson, Aleksandr"]
[Result "0-1"]
[BlackTitle "IM"]
[WhiteElo "2000"]
[BlackElo "2362"]
[WhiteFideId "1773089"]
[BlackFideId "14142805"]
[EventDate "2026.03.25"]

1. e4 e5 2. Nf3 Nc6 3. Bb5 a6 4. Ba4 Nf6 5. O-O d6 6. Re1 Bd7 7. c3 g6 8. d4 Bg7
9. h3 O-O 10. Bc2 Qe8 11. a4 exd4 12. cxd4 Nb4 13. Nc3 Nxc2 14. Qxc2 b5 15. Bg5
bxa4 16. e5 Bf5 17. Qxa4 dxe5 18. Nxe5 Qxa4 19. Rxa4 Nd7 20. Nc6 Nb6 21. Ra3 Bd7
22. Ne7+ Kh8 23. Ned5 Nc4 24. Rb3 c6 25. Nb6 Nxb6 26. Rxb6 Bxd4 27. Rb7 Be6 28.
Be3 Bg7 29. Ra1 a5 30. Ra7 Rab8 31. Nd1 Bb3 32. R7xa5 Bxd1 33. Rxd1 Bxb2 34. Rc5
Rfc8 35. Rd7 Kg8 36. Rc2 Ba3 37. Ra7 Rb3 38. Ra2 Bd6 39. Kf1 c5 40. Rc2 c4 41.
Bh6 c3 42. Rd7 Be5 43. Re2 Rb1+ 44. Re1 c2 45. Rc1 Bb2 0-1

[Event "Reykjavik Open 2026"]
[Site "Reykjavik ISL"]
[Date "2026.03.25"]
[Round "1.65"]
[White "Papasimakopoulos, Alexandros"]
[Black "Lonnqvist, Henrik"]
[Result "1-0"]
[WhiteTitle "IM"]
[WhiteElo "2360"]
[BlackElo "2000"]
[WhiteFideId "4244125"]
[BlackFideId "505137"]
[EventDate "2026.03.25"]

1. Nc3 c5 2. Nf3 Nc6 3. e4 g6 4. Bb5 Bg7 5. Bxc6 bxc6 6. h3 e5 7. O-O Ne7 8. d3
O-O 9. Be3 d6 10. Qd2 f5 11. exf5 gxf5 12. Bh6 f4 13. Bxg7 Kxg7 14. Rfe1 Ng6 15.
Ne4 Bf5 16. b4 Qd7 17. bxc5 Bxh3 18. Nfg5 Bxg2 19. f3 d5 20. Qxg2 dxe4 21. Nxe4
Kh8 22. Kf1 Nh4 23. Qf2 Nf5 24. Ke2 Ne3 25. Rac1 Qd4 26. Rh1 Rf7 27. Ng5 Rd7 28.
Nxh7 Kg7 29. Qh4 Nd5 30. Qh6+ Kf7 31. Ng5+ Ke7 32. Qg7+ Kd8 33. Rh8+ Kc7 34.
Ne6+ 1-0

[Event "Reykjavik Open 2026"]
[Site "Reykjavik ISL"]
[Date "2026.03.25"]
[Round "1.66"]
[White "Mehta, Hursh"]
[Black "Spitzl, Vinzent"]
[Result "1/2-1/2"]
[BlackTitle "FM"]
[WhiteElo "2000"]
[BlackElo "2356"]
[WhiteFideId "30961157"]
[BlackFideId "12901253"]
[EventDate "2026.03.25"]

1. Nf3 d5 2. d4 Nf6 3. c4 e6 4. g3 Bb4+ 5. Nbd2 O-O 6. Bg2 b6 7. O-O Bb7 8. Ne5
Nbd7 9. Qa4 Bxd2 10. Bxd2 Nxe5 11. dxe5 Nd7 12. cxd5 Bxd5 13. Rfd1 Bxg2 14. Kxg2
Nc5 15. Qc6 Qd4 16. Bc3 Qa4 17. Qxa4 Nxa4 18. Bb4 Nxb2 19. Rdb1 c5 20. Bxc5 bxc5
21. Rxb2 Rab8 22. Rc2 Rfc8 23. Rd1 Rc7 24. Kf3 Kf8 25. Rdc1 Rb5 26. a4 Ra5 27.
Rc4 Ke7 28. Rb1 h5 29. Ke4 Kd7 30. Rd1+ Kc6 31. Rd6+ Kb7 32. f4 g6 33. h3 Ra6
34. g4 hxg4 35. hxg4 Rb6 36. Kd3 Ka6 37. Kc3 Kb7 38. a5 Rb5 39. a6+ Kc8 40. f5
gxf5 41. gxf5 Rb6 42. Rh4 Rxd6 43. exd6 Rc6 44. fxe6 fxe6 45. Rh8+ Kd7 46. Rh7+
Kxd6 47. Rxa7 c4 48. Rh7 Rxa6 49. Kxc4 Ke5 50. Rh5+ Ke4 51. Rh4+ Ke3 52. Rh3+
Ke4 53. Rh4+ Ke3 54. Rh3+ Kf4 55. Rh4+ Kf5 56. Rh1 Kf4 57. Kd3 Rd6+ 58. Kc4 Ke3
59. Rh5 Kxe2 60. Re5+ Kf3 61. Kc5 Ra6 62. Kb5 Kf4 63. Re1 Rd6 64. Kc5 Rd5+ 65.
Kc4 Kf5 66. Rh1 Rd8 67. Rf1+ Ke4 68. Re1+ Kf5 69. Rf1+ Ke5 70. Re1+ Kf6 71. Rf1+
Ke7 72. Re1 Rd5 73. Re4 Kd6 74. Rd4 Ke5 75. Rxd5+ exd5+ 76. Kd3 d4 77. Kd2 Ke4
78. Ke2 d3+ 79. Kd2 Kd4 80. Kd1 Ke3 81. Ke1 d2+ 82. Kd1 Kd3 1/2-1/2

[Event "Reykjavik Open 2026"]
[Site "Reykjavik ISL"]
[Date "2026.03.25"]
[Round "1.67"]
[White "Ajay Krishna, S"]
[Black "Berezovskii, Arina"]
[Result "1-0"]
[WhiteTitle "IM"]
[BlackTitle "WCM"]
[WhiteElo "2354"]
[BlackElo "1999"]
[WhiteFideId "5096430"]
[BlackFideId "34449850"]
[EventDate "2026.03.25"]

1. c4 e6 2. Nf3 Nf6 3. g3 b6 4. Bg2 Bb7 5. O-O c5 6. Nc3 Be7 7. d4 cxd4 8. Qxd4
d6 9. Bg5 h6 10. Bxf6 Bxf6 11. Qd3 a6 12. Rad1 Be7 13. Nd2 Bxg2 14. Kxg2 Nd7 15.
Nde4 Ne5 16. Qd4 O-O 17. f4 Nc6 18. Qd2 Na5 19. b3 Nb7 20. f5 Bf6 21. Nxf6+ Qxf6
22. fxe6 Qxe6 23. Nd5 Rae8 24. Nxb6 Qxe2+ 25. Qxe2 Rxe2+ 26. Rf2 Rfe8 27. Nd5 a5
28. Nc3 Re1 29. Rf1 R1e3 30. Rf3 Re1 31. Rf1 R1e3 32. Nb5 R8e6 33. Nd4 R6e5 34.
Rf2 g6 35. Nb5 Re6 36. Rdd2 f5 37. Nc7 R6e5 38. Nd5 Re1 39. Nf4 Rb1 40. Nxg6 Re6
41. Nf4 Ree1 42. Nd3 Red1 43. Kf3 Kf7 44. Ke3 Ke6 45. Kd4 Nd8 46. Rfe2+ Kd7 47.
Kc3 Nc6 48. Rxd1 Rxd1 49. Rf2 Ke6 50. Nf4+ Ke5 51. Re2+ Kf6 52. Rd2 Rxd2 53.
Kxd2 Nd4 54. Kd3 Nf3 55. h3 Ng5 56. Kd4 Ne4 57. Ne2 Ke6 58. a3 Nd2 59. b4 axb4
60. axb4 Nf3+ 61. Kc3 Ng5 62. h4 Ne4+ 63. Kd4 Kd7 64. Ke3 Ke6 65. b5 Kd7 66. g4
d5 67. cxd5 Nf6 68. gxf5 Nxd5+ 69. Kd4 Kd6 70. Nc3 Ne7 71. Ne4+ Kc7 72. Ke5 Kb6
73. Ke6 Ng8 74. Nf6 Nxf6 75. Kxf6 h5 76. Kg7 1-0

[Event "Reykjavik Open 2026"]
[Site "Reykjavik ISL"]
[Date "2026.03.25"]
[Round "1.69"]
[White "Singh, Siddharth"]
[Black "Briem, Gudrun Fanney"]
[Result "1-0"]
[BlackTitle "WCM"]
[WhiteElo "2342"]
[BlackElo "1993"]
[WhiteFideId "39907023"]
[BlackFideId "2317486"]
[EventDate "2026.03.25"]

1. e4 c6 2. d4 d5 3. f3 Qb6 4. Nc3 e5 5. dxe5 Bc5 6. Na4 Qa5+ 7. c3 Bxg1 8. Rxg1
dxe4 9. f4 h5 10. b4 Qc7 11. Nc5 f5 12. Be2 Ne7 13. c4 a5 14. Qd6 Qxd6 15. exd6
Ng8 16. b5 cxb5 17. cxb5 Rh6 18. Bb2 Rxd6 19. Bxg7 h4 20. Rd1 Rxd1+ 21. Kxd1 b6
22. Na4 Be6 23. Nxb6 Ra7 24. Be5 Bxa2 25. Bxb8 Rb7 26. Be5 Rxb6 27. Bc7 Rb7 28.
b6 Nf6 29. Ba6 Ng4 30. Ke2 Bd5 31. Bxb7 Bxb7 32. Ra1 Ba6+ 33. Ke1 Kd7 34. Rxa5
Bc4 35. Be5 Kc6 36. Rc5+ 1-0